[Event "Moscow Open 2018 F"]
[Site "?"]
[Date "2018.01.26"]
[Round "1.1"]
[White "Leolko, Ludmila"]
[Black "Paravyan, David"]
[Result "0-1"]
[BlackElo "2603"]
[WhiteElo "1940"]
[LiveChessVersion "1.4.8"]

1. e4 {[%clk 1:30:57]} d6 {[%clk 1:30:57]} 2. d4 {[%clk 1:31:10]} Nf6
{[%clk 1:31:23]} 3. Nc3 {[%clk 1:31:17]} g6 {[%clk 1:31:48]} 4. f4
{[%clk 1:31:19]} Bg7 {[%clk 1:32:13]} 5. Nf3 {[%clk 1:31:29]} O-O
{[%clk 1:32:38]} 6. Bd3 {[%clk 1:31:02]} c5 {[%clk 1:32:00]} 7. d5
{[%clk 1:30:29]} e6 {[%clk 1:24:50]} 8. O-O {[%clk 1:27:48]} exd5
{[%clk 1:20:51]} 9. exd5 {[%clk 1:25:44]} Qc7 {[%clk 1:18:33]} 10. Re1
{[%clk 1:10:15]} c4 {[%clk 1:16:54]} 11. Bf1 {[%clk 1:10:32]} Ng4
{[%clk 1:16:26]} 12. Ne4 {[%clk 1:10:06]} Qb6+ {[%clk 1:15:56]} 13. Kh1
{[%clk 1:10:11]} f5 {[%clk 1:16:19]} 14. h3 {[%clk 1:10:27]} fxe4
{[%clk 1:16:43]} 15. hxg4 {[%clk 1:10:47]} exf3 {[%clk 1:17:03]} 16. Qxf3
{[%clk 1:11:05]} Nd7 {[%clk 1:16:40]} 17. Bxc4 {[%clk 1:08:45]} Ne5
{[%clk 1:16:51]} 0-1

[Event "Moscow Open 2018 F"]
[Site "?"]
[Date "2018.01.26"]
[Round "1.2"]
[White "Zakhartsov, Vladimir"]
[Black "Sivtsev, Gavril"]
[Result "1/2-1/2"]
[BlackElo "1940"]
[WhiteElo "2472"]
[LiveChessVersion "1.4.8"]

1. e4 c5 2. Nf3 d6 3. c3 Nf6 4. Bd3 a6 5. O-O e6 6. Bc2 c4 7. b3 cxb3 8. axb3 Qc7
9. d4 Be7 10. Qd3 Nc6 11. Re1 Bd7 12. d5 Nd8 13. Bg5 h6 14. Bh4 e5 15. h3 b5 16.
Nbd2 Nb7 17. b4 O-O 18. Ra3 a5 19. Rea1 Rfc8 20. Qe2 Qb6 21. Bd3 Rc7 22. R1a2 Ra7
23. Qe1 a4 24. c4 Nd8 25. Kh1 Qb8 26. Bg3 Rcb7 27. Rb2 Rb6 28. cxb5 Bxb5 29. Nc4
Bxc4 30. Bxc4 Nd7 31. Qb1 Rab7 32. b5 Ra7 33. Ne1 Nb7 34. Nc2 Ndc5 35. Nb4 Na5
36. Nc6 Qc7 37. Bf1 Ra8 38. f3 Bg5 39. Be1 Nab3 40. Bc4 Bc1 41. Rbxb3 Nxb3 42.
Rxb3 axb3 43. Qxc1 Qb7 44. Na5 Qb8 45. Nxb3 Rxb5 46. Bxb5 Qxb5 47. Nd2 Qe2 48.
Qb1 {[%clk 0:52:50]} Ra3 {[%clk 0:21:15]} 49. Kg1 {[%clk 0:50:23]} Re3
{[%clk 0:19:38]} 50. Bf2 {[%clk 0:50:34]} Rd3 {[%clk 0:18:44]} 51. Be1
{[%clk 0:50:14]} Re3 {[%clk 0:17:33]} 52. Bf2 {[%clk 0:50:24]} Rd3
{[%clk 0:17:36]} 53. Be1 {[%clk 0:47:21]} Re3 {[%clk 0:18:01]} 54. Kh2
{[%clk 0:46:49]} Qxe1 {[%clk 0:17:58]} 55. Qxe1 {[%clk 0:47:14]} Rxe1
{[%clk 0:18:25]} 56. Nc4 {[%clk 0:47:40]} Kf8 {[%clk 0:15:16]} 57. Nxd6
{[%clk 0:48:04]} g6 {[%clk 0:15:32]} 58. Kg3 {[%clk 0:47:18]} Ke7
{[%clk 0:15:06]} 59. Nc4 {[%clk 0:47:40]} Kf6 {[%clk 0:13:55]} 60. Kf2
{[%clk 0:47:55]} Rc1 {[%clk 0:14:20]} 61. Ne3 {[%clk 0:48:19]} h5
{[%clk 0:13:15]} 62. h4 {[%clk 0:48:32]} g5 {[%clk 0:11:37]} 63. Kg3
{[%clk 0:47:53]} Kg6 {[%clk 0:11:12]} 64. hxg5 {[%clk 0:46:56]} Kxg5
{[%clk 0:11:33]} 65. Nf5 {[%clk 0:47:19]} Rc3 {[%clk 0:11:04]} 66. Nd6
{[%clk 0:47:09]} Kg6 {[%clk 0:10:11]} 67. Kh4 {[%clk 0:47:14]} Rc2
{[%clk 0:10:15]} 68. Kh3 {[%clk 0:47:37]} Rc3 {[%clk 0:10:30]} 69. Kg3
{[%clk 0:47:45]} Rc2 {[%clk 0:10:36]} 70. Kh3 {[%clk 0:47:43]} Rc3
{[%clk 0:10:58]} 71. Nf5 {[%clk 0:47:01]} Kg5 {[%clk 0:11:02]} 72. Ne7
{[%clk 0:47:11]} Rc1 {[%clk 0:10:15]} 73. Kg3 {[%clk 0:46:54]} Kf6
{[%clk 0:10:15]} 74. Nc6 {[%clk 0:47:06]} Rh1 {[%clk 0:09:50]} 75. f4
{[%clk 0:46:35]} exf4+ {[%clk 0:07:47]} 76. Kxf4 {[%clk 0:47:03]} Rh4+
{[%clk 0:08:10]} 77. Kf3 {[%clk 0:47:23]} Rh1 {[%clk 0:06:01]} 78. Kf4
{[%clk 0:45:55]} Kg7 {[%clk 0:04:20]} 79. d6 {[%clk 0:42:56]} Rd1
{[%clk 0:04:39]} 80. Ke5 {[%clk 0:41:58]} Kf8 {[%clk 0:04:04]} 81. Ne7
{[%clk 0:42:16]} Ke8 {[%clk 0:02:48]} 82. Nf5 {[%clk 0:41:49]} Re1
{[%clk 0:01:25]} 83. Ng7+ {[%clk 0:41:56]} Kd7 {[%clk 0:01:41]} 84. Nxh5
{[%clk 0:42:20]} Ra1 {[%clk 0:01:03]} 85. Nf6+ {[%clk 0:42:28]} Kd8
{[%clk 0:01:28]} 86. g4 {[%clk 0:42:05]} Rg1 {[%clk 0:01:25]} 87. Kf5
{[%clk 0:41:48]} Rf1+ {[%clk 0:01:27]} 88. Kg5 {[%clk 0:42:02]} Rh1
{[%clk 0:01:52]} 89. Kf4 {[%clk 0:40:06]} Rf1+ {[%clk 0:02:16]} 90. Ke5
{[%clk 0:40:32]} Rg1 {[%clk 0:02:29]} 91. Kf5 {[%clk 0:36:52]} Rf1+
{[%clk 0:02:54]} 92. Kg5 {[%clk 0:37:18]} Rh1 {[%clk 0:03:18]} 93. e5
{[%clk 0:36:08]} Re1 {[%clk 0:02:57]} 94. Kf4 {[%clk 0:35:27]} Rf1+
{[%clk 0:03:04]} 95. Kg3 {[%clk 0:35:51]} Re1 {[%clk 0:02:56]} 96. Kf4
{[%clk 0:36:16]} Rf1+ {[%clk 0:03:20]} 97. Kg5 {[%clk 0:36:32]} Re1
{[%clk 0:03:40]} 98. Kh6 {[%clk 0:36:48]} Rxe5 {[%clk 0:03:59]} 99. Kg7
{[%clk 0:37:16]} Rg5+ {[%clk 0:04:14]} 100. Kxf7 {[%clk 0:37:40]} Rxg4
{[%clk 0:04:36]} 101. Nxg4 {[%clk 0:38:05]} Kd7 {[%clk 0:05:04]} 1/2-1/2

[Event "Moscow Open 2018 F"]
[Site "?"]
[Date "2018.01.26"]
[Round "1.3"]
[White "Klenin, Georgy"]
[Black "Lugovskoy, Maxim"]
[Result "0-1"]
[BlackElo "2459"]
[WhiteElo "1937"]
[LiveChessVersion "1.4.8"]

1. d4 {[%clk 1:30:58]} e6 {[%clk 1:30:26]} 2. Nf3 {[%clk 1:31:24]} d5
{[%clk 1:30:46]} 3. Bf4 {[%clk 1:31:42]} Nf6 {[%clk 1:29:08]} 4. e3
{[%clk 1:32:07]} Bd6 {[%clk 1:29:15]} 5. Nbd2 {[%clk 1:26:15]} c5
{[%clk 1:28:09]} 6. Bb5+ {[%clk 1:25:14]} Nc6 {[%clk 1:27:00]} 7. Ne5 Bxe5
{[%clk 1:26:26]} 8. dxe5 {[%clk 1:21:09]} Nd7 {[%clk 1:26:38]} 9. Qg4
{[%clk 1:21:09]} g6 {[%clk 1:23:55]} 10. c4 {[%clk 1:11:13]} Qa5 {[%clk 1:09:43]}
11. cxd5 {[%clk 1:02:20]} exd5 {[%clk 1:02:38]} 12. Bxc6 {[%clk 1:00:52]} bxc6
{[%clk 1:03:02]} 13. e4 {[%clk 0:56:10]} Nf6 {[%clk 1:01:07]} 14. Qg5
{[%clk 0:55:56]} Nxe4 {[%clk 1:00:44]} 15. Qh6 {[%clk 0:56:24]} Ba6
{[%clk 0:56:38]} 16. Qg7 {[%clk 0:53:24]} O-O-O {[%clk 0:56:28]} 17. e6
{[%clk 0:46:49]} g5 {[%clk 0:52:45]} 18. Be3 {[%clk 0:41:28]} d4 {[%clk 0:53:06]}
19. b4 {[%clk 0:41:51]} Qb5 {[%clk 0:53:18]} 20. O-O-O {[%clk 0:41:06]} Nc3
{[%clk 0:52:32]} 21. Bxg5 {[%clk 0:38:52]} Qxb4 {[%clk 0:52:57]} 0-1

[Event "Moscow Open 2018 F"]
[Site "?"]
[Date "2018.01.26"]
[Round "1.4"]
[White "Kezin, Roman"]
[Black "Burnazov, Lev"]
[Result "1-0"]
[BlackElo "1933"]
[WhiteElo "2450"]
[LiveChessVersion "1.4.8"]

1. d4 {[%clk 1:30:58]} Nf6 {[%clk 1:27:47]} 2. c4 {[%clk 1:31:20]} e6
{[%clk 1:28:12]} 3. g3 {[%clk 1:31:04]} d5 {[%clk 1:28:14]} 4. Bg2
{[%clk 1:31:27]} Be7 {[%clk 1:28:28]} 5. Nf3 {[%clk 1:31:50]} O-O
{[%clk 1:28:42]} 6. O-O {[%clk 1:32:13]} dxc4 {[%clk 1:28:44]} 7. Qc2
{[%clk 1:32:30]} a6 {[%clk 1:29:05]} 8. a4 {[%clk 1:32:54]} Bd7 {[%clk 1:29:28]}
9. Rd1 {[%clk 1:32:46]} Bc6 {[%clk 1:28:57]} 10. Nc3 {[%clk 1:33:08]} a5
{[%clk 1:19:20]} 11. e4 {[%clk 1:33:19]} Na6 {[%clk 1:19:16]} 12. Ne5
{[%clk 1:32:15]} Nb4 {[%clk 1:18:33]} 13. Qe2 {[%clk 1:32:27]} Nd7
{[%clk 1:08:54]} 14. Nxc4 {[%clk 1:30:47]} Nf6 {[%clk 0:39:14]} 15. Bf4
{[%clk 1:27:11]} Re8 {[%clk 0:26:23]} 16. Rac1 {[%clk 1:24:45]} Qb8
{[%clk 0:18:20]} 17. Ne5 {[%clk 1:16:09]} Ra6 {[%clk 0:15:27]} 18. h4
{[%clk 1:09:28]} Bd8 {[%clk 0:06:22]} 19. d5 {[%clk 1:09:24]} exd5
{[%clk 0:06:03]} 20. exd5 {[%clk 1:09:49]} 1-0

[Event "Moscow Open 2018 F"]
[Site "?"]
[Date "2018.01.26"]
[Round "1.5"]
[White "Egorova, Ayyyna"]
[Black "Kozionov, Kirill"]
[Result "0-1"]
[BlackElo "2423"]
[WhiteElo "1922"]
[LiveChessVersion "1.4.8"]

1. c4 {[%clk 1:30:58]} e5 {[%clk 1:30:34]} 2. Nc3 {[%clk 1:31:13]} Nf6
{[%clk 1:30:52]} 3. g3 {[%clk 1:31:15]} d5 {[%clk 1:30:59]} 4. cxd5
{[%clk 1:30:59]} Nxd5 {[%clk 1:31:24]} 5. Bg2 {[%clk 1:31:12]} Nb6
{[%clk 1:31:50]} 6. Nf3 {[%clk 1:30:03]} Nc6 {[%clk 1:32:12]} 7. b3
{[%clk 1:28:40]} Be7 {[%clk 1:27:14]} 8. Bb2 {[%clk 1:26:20]} O-O
{[%clk 1:25:49]} 9. O-O {[%clk 1:25:18]} Bg4 {[%clk 1:22:27]} 10. d4
{[%clk 1:14:31]} exd4 {[%clk 1:15:51]} 11. Nb5 {[%clk 1:13:26]} Bf6
{[%clk 1:15:26]} 12. Nfxd4 {[%clk 1:04:06]} Nxd4 {[%clk 1:15:17]} 13. Bxd4
{[%clk 1:03:17]} c6 {[%clk 1:15:12]} 14. Bxf6 {[%clk 0:59:43]} Qxf6
{[%clk 1:15:35]} 15. Qd4 {[%clk 0:54:09]} Bxe2 {[%clk 1:13:52]} 16. Qxf6
{[%clk 0:54:29]} gxf6 {[%clk 1:14:18]} 17. Nc7 {[%clk 0:54:48]} Rac8
{[%clk 1:13:18]} 18. Rfe1 {[%clk 0:52:08]} Bg4 {[%clk 1:13:41]} 19. Re7
{[%clk 0:47:45]} Bd7 {[%clk 1:14:04]} 20. Rd1 {[%clk 0:45:57]} Rxc7
{[%clk 1:14:25]} 21. Rd6 {[%clk 0:44:07]} Re8 {[%clk 1:14:10]} 22. Rxe8+
{[%clk 0:42:40]} Bxe8 {[%clk 1:14:35]} 0-1

[Event "Moscow Open 2018 F"]
[Site "?"]
[Date "2018.01.26"]
[Round "1.6"]
[White "Mokshanov, Alexey"]
[Black "Zakharova, Evgenia"]
[Result "1-0"]
[BlackElo "1922"]
[WhiteElo "2415"]
[LiveChessVersion "1.4.8"]

1. e4 {[%clk 1:30:56]} d6 {[%clk 1:29:52]} 2. d4 {[%clk 1:31:05]} Nf6
{[%clk 1:27:58]} 3. Nc3 {[%clk 1:31:28]} Nbd7 {[%clk 1:28:00]} 4. f4
{[%clk 1:27:54]} e5 {[%clk 1:26:51]} 5. Nf3 {[%clk 1:26:41]} exd4
{[%clk 1:26:24]} 6. Qxd4 {[%clk 1:26:31]} c6 {[%clk 1:20:08]} 7. Be3
{[%clk 1:17:48]} d5 {[%clk 1:12:36]} 8. e5 {[%clk 1:12:10]} Ng4 {[%clk 1:06:29]}
9. Bg1 {[%clk 1:09:55]} Bc5 {[%clk 1:00:51]} 10. Qd2 {[%clk 1:09:38]} O-O
{[%clk 0:56:52]} 11. O-O-O {[%clk 1:07:05]} b5 {[%clk 0:40:01]} 12. h3
{[%clk 1:05:06]} Nh6 {[%clk 0:39:37]} 13. g4 {[%clk 1:05:00]} Bxg1
{[%clk 0:37:48]} 14. Rxg1 {[%clk 1:05:14]} Nc5 {[%clk 0:37:13]} 15. b4
{[%clk 0:56:46]} Na4 {[%clk 0:31:42]} 16. Nxa4 {[%clk 0:56:02]} bxa4
{[%clk 0:32:06]} 17. f5 {[%clk 0:55:43]} Kh8 {[%clk 0:26:15]} 18. Nd4
{[%clk 0:54:01]} Bd7 {[%clk 0:20:49]} 19. f6 {[%clk 0:48:05]} Ng8
{[%clk 0:20:42]} 20. g5 {[%clk 0:45:25]} a5 {[%clk 0:19:16]} 21. Bd3
{[%clk 0:31:33]} g6 {[%clk 0:17:39]} 22. h4 {[%clk 0:30:13]} axb4
{[%clk 0:17:16]} 23. h5 {[%clk 0:30:15]} c5 {[%clk 0:13:14]} 24. Rh1
{[%clk 0:29:04]} Bf5 {[%clk 0:11:36]} 25. hxg6 {[%clk 0:29:21]} Bxg6
{[%clk 0:11:04]} 26. Bxg6 {[%clk 0:29:40]} h6 {[%clk 0:11:08]} 27. Rxh6+
{[%clk 0:29:48]} 1-0

[Event "Moscow Open 2018 F"]
[Site "?"]
[Date "2018.01.26"]
[Round "1.7"]
[White "Merzlyakov, Vyacheslav"]
[Black "Borisenko, Viacheslav"]
[Result "1/2-1/2"]
[BlackElo "2330"]
[WhiteElo "1919"]
[LiveChessVersion "1.4.8"]

1. e4 {[%clk 1:30:53]} Nf6 {[%clk 1:30:14]} 2. e5 {[%clk 1:30:41]} Nd5
{[%clk 1:30:38]} 3. c4 {[%clk 1:31:05]} Nb6 {[%clk 1:30:55]} 4. d4
{[%clk 1:31:26]} d6 {[%clk 1:31:10]} 5. exd6 {[%clk 1:31:50]} cxd6
{[%clk 1:31:17]} 6. Nf3 {[%clk 1:30:18]} g6 {[%clk 1:30:30]} 7. b3
{[%clk 1:26:39]} Bg7 {[%clk 1:30:39]} 8. Bb2 {[%clk 1:26:59]} O-O
{[%clk 1:31:03]} 9. Bd3 {[%clk 1:20:10]} Nc6 {[%clk 1:27:52]} 10. O-O
{[%clk 1:09:59]} Bg4 {[%clk 1:26:20]} 11. Be4 {[%clk 1:08:13]} e5
{[%clk 1:22:37]} 12. Bxc6 {[%clk 0:56:38]} bxc6 {[%clk 1:21:31]} 13. h3
{[%clk 0:56:18]} Bxf3 {[%clk 1:19:12]} 14. Qxf3 {[%clk 0:55:31]} Qc7
{[%clk 1:19:10]} 15. c5 {[%clk 0:52:08]} dxc5 {[%clk 1:18:31]} 16. dxe5
{[%clk 0:49:09]} Bxe5 {[%clk 1:18:13]} 17. Bxe5 {[%clk 0:49:16]} Qxe5
{[%clk 1:18:38]} 18. Nd2 {[%clk 0:49:25]} Rad8 {[%clk 1:17:47]} 19. Rad1
{[%clk 0:38:17]} Rd4 {[%clk 1:15:00]} 20. Qxc6 {[%clk 0:30:51]} Rc8
{[%clk 1:07:43]} 21. Qb7 {[%clk 0:25:31]} Qc7 {[%clk 0:41:23]} 22. Qxc7
{[%clk 0:24:53]} Rxc7 {[%clk 0:41:17]} 23. Nf3 {[%clk 0:24:45]} Rb4
{[%clk 0:41:34]} 24. Rd8+ {[%clk 0:22:40]} Kg7 {[%clk 0:42:02]} 25. Rc1
{[%clk 0:22:40]} c4 {[%clk 0:38:39]} 26. bxc4 {[%clk 0:19:24]} Rcxc4
{[%clk 0:38:51]} 27. Rxc4 {[%clk 0:15:48]} Rxc4 {[%clk 0:34:37]} 28. Rd2
{[%clk 0:15:40]} h5 {[%clk 0:30:34]} 29. g3 {[%clk 0:12:06]} Ra4 {[%clk 0:30:37]}
30. Ne5 {[%clk 0:10:34]} Kf6 {[%clk 0:30:03]} 31. Nc6 {[%clk 0:10:31]} Kg7
{[%clk 0:27:55]} 32. Ne5 {[%clk 0:09:07]} Ra5 {[%clk 0:27:32]} 33. Nc6
{[%clk 0:09:04]} Ra3 {[%clk 0:27:24]} 34. Ne5 {[%clk 0:07:45]} h4
{[%clk 0:25:00]} 35. Kg2 {[%clk 0:07:24]} hxg3 {[%clk 0:25:23]} 36. fxg3
{[%clk 0:07:48]} Rc3 {[%clk 0:25:35]} 37. h4 {[%clk 0:07:07]} Rc5
{[%clk 0:23:26]} 38. Nf3 {[%clk 0:06:20]} Nd5 {[%clk 0:23:17]} 39. Kh3
{[%clk 0:05:49]} Nf6 {[%clk 0:18:12]} 40. Ng5 {[%clk 0:05:58]} Rc3
{[%clk 0:17:41]} 41. Rf2 {[%clk 0:05:38]} Ra3 {[%clk 0:17:45]} 42. Rd2
{[%clk 0:05:20]} Re3 {[%clk 0:12:49]} 43. Rf2 {[%clk 0:05:15]} Re7
{[%clk 0:12:30]} 44. Rf3 {[%clk 0:04:39]} Ng8 {[%clk 0:12:37]} 45. Ra3
{[%clk 0:04:09]} Nh6 {[%clk 0:12:51]} 46. g4 {[%clk 0:04:05]} f6 {[%clk 0:11:10]}
47. Nf3 {[%clk 0:04:26]} Nf7 {[%clk 0:11:28]} 48. Nd4 {[%clk 0:04:21]} Ne5
{[%clk 0:10:07]} 49. Nb5 {[%clk 0:04:15]} Nc6 {[%clk 0:10:07]} 50. Ra6
{[%clk 0:03:59]} Re3+ {[%clk 0:08:06]} 51. Kg2 {[%clk 0:04:20]} Ne5
{[%clk 0:08:17]} 52. Rxa7+ {[%clk 0:04:22]} Kh6 {[%clk 0:07:41]} 53. Ra4
{[%clk 0:04:26]} g5 {[%clk 0:02:51]} 54. Nd6 {[%clk 0:03:12]} Re2+
{[%clk 0:02:49]} 55. Kh3 {[%clk 0:03:22]} Re3+ {[%clk 0:02:33]} 56. Kg2
{[%clk 0:03:42]} Re2+ {[%clk 0:03:02]} 57. Kh3 {[%clk 0:04:05]} Re3+
{[%clk 0:02:29]} 58. Kg2 {[%clk 0:04:30]} Re2+ {[%clk 0:02:25]} 59. Kf1 Rb2 60.
Nf5+ Kh7 61. h5 Kg6 1/2-1/2

[Event "Moscow Open 2018 F"]
[Site "?"]
[Date "2018.01.26"]
[Round "1.8"]
[White "Chernyavsky, Alexander"]
[Black "Orshonova, Anna"]
[Result "1-0"]
[BlackElo "1916"]
[WhiteElo "2326"]
[LiveChessVersion "1.4.8"]

1. c4 {[%clk 1:30:58]} g6 {[%clk 1:30:49]} 2. Nf3 {[%clk 1:30:46]} Bg7
{[%clk 1:31:13]} 3. Nc3 {[%clk 1:31:05]} Nf6 {[%clk 1:31:39]} 4. d4
{[%clk 1:31:29]} O-O {[%clk 1:31:46]} 5. e4 {[%clk 1:31:55]} d6 {[%clk 1:32:13]}
6. Be2 {[%clk 1:32:10]} e5 {[%clk 1:31:35]} 7. O-O {[%clk 1:32:29]} Nc6
{[%clk 1:30:57]} 8. d5 {[%clk 1:32:06]} Ne7 {[%clk 1:31:21]} 9. b4
{[%clk 1:31:52]} a5 {[%clk 1:28:43]} 10. Ba3 {[%clk 1:31:18]} axb4
{[%clk 1:27:01]} 11. Bxb4 {[%clk 1:31:37]} Nd7 {[%clk 1:27:23]} 12. a4
{[%clk 1:12:19]} h6 {[%clk 1:20:19]} 13. Nd2 {[%clk 0:57:28]} f5 {[%clk 1:18:16]}
14. a5 {[%clk 0:55:37]} f4 {[%clk 1:09:01]} 15. Nb5 {[%clk 0:47:57]} Nf6
{[%clk 1:01:03]} 16. c5 {[%clk 0:47:15]} dxc5 {[%clk 0:53:04]} 17. Bxc5
{[%clk 0:47:31]} b6 {[%clk 0:37:21]} 18. axb6 {[%clk 0:44:51]} cxb6
{[%clk 0:37:16]} 19. Bd6 {[%clk 0:40:11]} Rxa1 {[%clk 0:30:45]} 20. Qxa1
{[%clk 0:40:23]} Nd7 {[%clk 0:31:11]} 21. Bc7 {[%clk 0:40:45]} 1-0

[Event "Moscow Open 2018 F"]
[Site "?"]
[Date "2018.01.26"]
[Round "1.9"]
[White "Dziov, Igor"]
[Black "Fotin, Vladimir"]
[Result "0-1"]
[BlackElo "2315"]
[WhiteElo "1909"]
[LiveChessVersion "1.4.8"]

1. e4 {[%clk 1:30:57]} c5 {[%clk 1:29:03]} 2. Nf3 {[%clk 1:31:12]} d6
{[%clk 1:28:55]} 3. d4 {[%clk 1:31:29]} cxd4 {[%clk 1:29:18]} 4. Nxd4
{[%clk 1:31:53]} Nf6 {[%clk 1:29:42]} 5. Nc3 {[%clk 1:32:13]} a6 {[%clk 1:30:01]}
6. g3 {[%clk 1:31:41]} e5 {[%clk 1:29:44]} 7. Nde2 {[%clk 1:31:37]} Nbd7
{[%clk 1:28:48]} 8. Bg2 {[%clk 1:31:18]} b5 {[%clk 1:28:42]} 9. a3
{[%clk 1:29:43]} Bb7 {[%clk 1:28:29]} 10. Nd5 {[%clk 1:29:47]} Bxd5
{[%clk 1:08:00]} 11. exd5 {[%clk 1:30:00]} Rc8 {[%clk 1:07:22]} 12. O-O
{[%clk 1:26:29]} Be7 {[%clk 1:07:15]} 13. h3 {[%clk 1:21:54]} Qc7
{[%clk 1:06:28]} 14. Nc3 {[%clk 1:21:43]} O-O {[%clk 1:05:52]} 15. f4
{[%clk 1:20:50]} exf4 {[%clk 0:59:41]} 16. Bxf4 {[%clk 1:17:59]} Ne5
{[%clk 0:59:52]} 17. Bg5 {[%clk 0:54:23]} Ne8 {[%clk 0:57:57]} 18. Bxe7
{[%clk 0:52:09]} Qxe7 {[%clk 0:58:20]} 19. Qd4 {[%clk 0:49:14]} Nf6
{[%clk 0:56:35]} 20. Rae1 {[%clk 0:42:26]} Rc4 {[%clk 0:53:25]} 21. Qb6
{[%clk 0:41:56]} Ra8 {[%clk 0:53:05]} 22. Kh2 {[%clk 0:24:44]} Qd8
{[%clk 0:50:46]} 23. Qxd8+ {[%clk 0:13:35]} Rxd8 {[%clk 0:51:13]} 24. Re2
{[%clk 0:12:55]} Rdc8 {[%clk 0:47:58]} 25. Ne4 {[%clk 0:06:24]} Nxe4
{[%clk 0:46:11]} 26. Bxe4 {[%clk 0:06:42]} h5 {[%clk 0:43:07]} 27. Rf5
{[%clk 0:05:49]} g6 {[%clk 0:41:03]} 28. Rf6 {[%clk 0:05:53]} Rd8
{[%clk 0:40:01]} 29. Kg2 {[%clk 0:05:38]} Kg7 {[%clk 0:40:13]} 30. Rf4
{[%clk 0:05:22]} f5 {[%clk 0:39:52]} 31. Bxf5 {[%clk 0:03:39]} gxf5
{[%clk 0:39:54]} 32. Rxf5 {[%clk 0:04:03]} h4 {[%clk 0:39:21]} 33. g4
{[%clk 0:03:27]} Rf8 {[%clk 0:37:24]} 34. Rg5+ {[%clk 0:02:01]} Ng6
{[%clk 0:36:02]} 35. c3 {[%clk 0:01:41]} Rc7 {[%clk 0:35:45]} 36. Re6
{[%clk 0:00:42]} Rf6 {[%clk 0:36:07]} 37. Rxf6 {[%clk 0:00:44]} Kxf6
{[%clk 0:36:35]} 38. Rf5+ {[%clk 0:01:04]} Kg7 {[%clk 0:36:59]} 39. Kf3
{[%clk 0:01:04]} Re7 {[%clk 0:36:38]} 40. g5 {[%clk 0:00:57]} Ne5+
{[%clk 0:32:42]} 41. Kf4 {[%clk 0:00:48]} Nd3+ {[%clk 0:32:41]} 42. Kg4
{[%clk 0:01:07]} Re4+ {[%clk 0:32:31]} 43. Kh5 {[%clk 0:01:14]} Nf4+
{[%clk 0:32:25]} 44. Kxh4 {[%clk 0:01:22]} Ne2+ {[%clk 0:32:47]} 0-1

[Event "Moscow Open 2018 F"]
[Site "?"]
[Date "2018.01.26"]
[Round "1.10"]
[White "Ivlev, Aleksey"]
[Black "Bobrov, Vitaly"]
[Result "1-0"]
[BlackElo "1907"]
[WhiteElo "2300"]
[LiveChessVersion "1.4.8"]

1. d4 {[%clk 1:30:58]} Nf6 {[%clk 1:30:47]} 2. c4 {[%clk 1:31:24]} g6
{[%clk 1:31:06]} 3. Nc3 {[%clk 1:31:48]} Bg7 {[%clk 1:31:30]} 4. e4
{[%clk 1:32:14]} d6 {[%clk 1:31:54]} 5. Be2 {[%clk 1:32:32]} O-O {[%clk 1:32:17]}
6. Bg5 {[%clk 1:32:36]} h6 {[%clk 1:31:12]} 7. Be3 {[%clk 1:33:05]} e5
{[%clk 1:28:28]} 8. d5 {[%clk 1:33:28]} a5 {[%clk 1:28:11]} 9. h4
{[%clk 1:27:08]} h5 {[%clk 1:23:31]} 10. f3 {[%clk 1:25:29]} Na6 {[%clk 1:18:03]}
11. Nh3 {[%clk 1:25:40]} Bd7 {[%clk 1:08:51]} 12. Qd2 {[%clk 1:21:44]} Qe7
{[%clk 1:00:19]} 13. O-O-O {[%clk 1:20:39]} Nc5 {[%clk 1:00:05]} 14. Nf2
{[%clk 1:20:45]} Rfd8 {[%clk 0:52:49]} 15. Bg5 {[%clk 1:20:16]} Qf8
{[%clk 0:45:31]} 16. g3 {[%clk 1:14:34]} a4 {[%clk 0:44:13]} 17. Rdg1
{[%clk 1:09:57]} Kh7 {[%clk 0:40:20]} 18. g4 {[%clk 1:09:37]} a3 {[%clk 0:37:56]}
19. b3 {[%clk 1:10:00]} c6 {[%clk 0:33:05]} 20. Kb1 {[%clk 1:06:34]} Rdb8
{[%clk 0:28:58]} 21. Rh2 {[%clk 1:00:48]} Qe8 {[%clk 0:23:58]} 22. Rhg2
{[%clk 0:56:27]} hxg4 {[%clk 0:17:39]} 23. fxg4 {[%clk 0:56:43]} b5
{[%clk 0:17:32]} 24. dxc6 {[%clk 0:51:58]} Bxc6 {[%clk 0:17:45]} 25. Bxf6
{[%clk 0:52:13]} Bxf6 {[%clk 0:16:25]} 26. cxb5 {[%clk 0:52:08]} Bb7
{[%clk 0:10:21]} 27. g5 {[%clk 0:51:24]} Bg7 {[%clk 0:10:16]} 28. h5
{[%clk 0:51:42]} Ne6 {[%clk 0:09:36]} 29. hxg6+ {[%clk 0:52:03]} fxg6
{[%clk 0:09:57]} 30. Bc4 {[%clk 0:52:08]} d5 {[%clk 0:06:12]} 31. Rh2+
{[%clk 0:51:45]} Kg8 {[%clk 0:06:34]} 32. exd5 {[%clk 0:52:03]} Nd4
{[%clk 0:06:19]} 33. d6+ {[%clk 0:52:13]} Kf8 {[%clk 0:06:27]} 34. Nfe4
{[%clk 0:52:28]} Bc8 {[%clk 0:05:22]} 35. Qf2+ {[%clk 0:50:21]} Bf5
{[%clk 0:05:32]} 36. Rgh1 {[%clk 0:50:04]} Qd7 {[%clk 0:02:12]} 37. Rh8+
{[%clk 0:49:49]} Bxh8 {[%clk 0:02:16]} 38. Rxh8+ {[%clk 0:50:17]} Kg7
{[%clk 0:02:36]} 39. Rh7+ {[%clk 0:50:42]} Kxh7 {[%clk 0:02:46]} 40. Qh4+
{[%clk 0:51:11]} 1-0